آ ر اہ کے د و ما ہ 1857ء مين (Record no. 93019)

MARC details
000 -LEADER
fixed length control field 00692nam a22002177a 4500
005 - DATE AND TIME OF LATEST TRANSACTION
control field 20150416154013.0
008 - FIXED-LENGTH DATA ELEMENTS--GENERAL INFORMATION
fixed length control field 140714b xxu||||| |||| 00| 0 Urdu d
010 ## - LCCN (DPL NO)
LC control number UR-8832
020 q# - INTERNATIONAL STANDARD BOOK NUMBER
Terms of availability 120.00
035 ## - SYSTEM CONTROL NUMBER
System control number U-7387
037 ## - SOURCE OF ACQUISITION
Source of stock number/acquisition DBAD/Pub.
040 ## - CATALOGING SOURCE
Original cataloging agency DPL
Language of cataloging Urdu
082 ## - DEWEY DECIMAL CLASSIFICATION NUMBER
Classification number 954
100 ## - MAIN ENTRY--PERSONAL NAME
Personal name ا سر ا ر ا لحسن
245 ## - TITLE STATEMENT
Title آ ر اہ کے د و ما ہ 1857ء مين
Remainder of title ا سر ا ر ا لحسن
246 ## - VARYING FORM OF TITLE
Title proper/short title Aara ke do mah 1857 mein
Remainder of title By Israr ul Hassan
260 ## - PUBLICATION, DISTRIBUTION, ETC. (IMPRINT)
Place of publication, distribution, etc Patna
Name of publisher, distributor, etc Khuda Bakhsh Oriental Public library
Date of publication, distribution, etc 2011
270 ## - ADDRESS
Address Khuda Bakhsh Oriental Public library
City Patna
Postal code 4
300 ## - PHYSICAL DESCRIPTION
Extent 77ص
Other physical details 22C.m.(PB)
942 ## - ADDED ENTRY ELEMENTS (KOHA)
Source of classification or shelving scheme Dewey Decimal Classification
Item type Urdu Bks
Classification part 954
Call number suffix ا س ر
Holdings
Withdrawn status Lost status Source of classification or shelving scheme Damaged status Not for loan Collection code Home library Current library Date acquired Source of acquisition Cost, normal purchase price Total Checkouts Full call number Barcode Date last seen Copy number Cost, replacement price Koha item type
    Dewey Decimal Classification   Not For Loan Non-fiction D.B.Act.Division D.B.Act.Division 16/04/2015 DBAD/Pub. 120.00   954 ا س ر U-7387 16/04/2015 1 120.00 Urdu Bks

© Delhi Public Library
Hit Counter
free hit counter